00708nam a2200205Ia 4500003000400000008004100004020002700045040000800072100002000080245010100100260002800201300001500229365001200244901002100256902004400277903004000321942001200361952011200373999001700485LDD181029s9999 xx 000 0 und d a9780415391955cP 85.00 cLDD aNardi, Isabella 0aTheory of citrasutras in Indian paintingbA critical re-evaluation of their usescIsabella Nardi aLondonbRoutledgec2006 axviii, 190 bP 85.00 a7190b08-03-2011 aSBS/D/251/2011b08-03-2011cFdSBSeFTF aDiscount-15bReqst by : Sunil Kumar 2ddccBK 00102ddc4070996344aLDDbLDDl2o759.954 N166Tp079679r2019-09-23s2019-09-23v6202.45w2018-11-01yBK c96345d96345